लागत लेखांकन : (Record no. 19742)
[ view plain ]
| 000 -LEADER | |
|---|---|
| fixed length control field | 01490nam a22002657a 4500 |
| 005 - DATE AND TIME OF LATEST TRANSACTION | |
| control field | 20081106101154.0 |
| 008 - FIXED-LENGTH DATA ELEMENTS--GENERAL INFORMATION | |
| fixed length control field | 081106t xxu||||| |||| 00| 0 hin d |
| 010 ## - LCCN (DPL NO) | |
| LC control number | HIN-85429 |
| 020 ## - INTERNATIONAL STANDARD BOOK NUMBER | |
| Terms of availability | 260.00 |
| International Standard Book Number | 9788184880526 |
| 035 ## - SYSTEM CONTROL NUMBER | |
| System control number | HN-57775 |
| 037 ## - SOURCE OF ACQUISITION | |
| Source of stock number/acquisition | DBAD / PUB |
| 040 ## - CATALOGING SOURCE | |
| Original cataloging agency | DPL |
| Language of cataloging | HN |
| 082 ## - DEWEY DECIMAL CLASSIFICATION NUMBER | |
| Classification number | 657.42 |
| 100 ## - MAIN ENTRY--PERSONAL NAME | |
| Personal name | अरोड़ा, एम.एन. |
| 245 ## - TITLE STATEMENT | |
| Title | लागत लेखांकन : |
| Statement of responsibility, etc | एम.एन.अरोड़ा तथा प्रियंका कतयाल |
| Remainder of title | दिल्ली विश्वविद्यालय के बी कॉम कार्यक्रम के पाठ्यक्रमानुसार / |
| 246 ## - VARYING FORM OF TITLE | |
| Title proper/short title | Laagata lekhaankana |
| Remainder of title | by M.N. Arora & Priyanka Katyal |
| 260 ## - PUBLICATION, DISTRIBUTION, ETC. (IMPRINT) | |
| Place of publication, distribution, etc | मुम्बई |
| Name of publisher, distributor, etc | हिमालय पब्लिशिंग हाऊस |
| Date of publication, distribution, etc | 2008 |
| 270 ## - ADDRESS | |
| Address | रामदूत डॉ.भालेराव मार्ग गिरगाँव(केलेवाडी), |
| City | मुम्बई |
| Postal code | 400004 |
| Telephone number | 23860170, 23863863 |
| Fax number | 022-23877178 |
| 300 ## - PHYSICAL DESCRIPTION | |
| Extent | वि. पृ |
| Dimensions | 24सेमी(अजिल्द) |
| 650 ## - SUBJECT ADDED ENTRY--TOPICAL TERM | |
| Topical term or geographic name as entry element | लागत लेखांकन |
| 650 ## - SUBJECT ADDED ENTRY--TOPICAL TERM | |
| Topical term or geographic name as entry element | Cost accounting |
| 700 ## - ADDED ENTRY--PERSONAL NAME | |
| Personal name | कतयाल, प्रियंका |
| 942 ## - ADDED ENTRY ELEMENTS (KOHA) | |
| Source of classification or shelving scheme | Dewey Decimal Classification |
| Item type | Hindi Books |
| Call number suffix | अरोड़ा |
| Classification part | 657.42 |
| Withdrawn status | Lost status | Source of classification or shelving scheme | Damaged status | Not for loan | Home library | Current library | Date acquired | Cost, normal purchase price | Total Checkouts | Full call number | Barcode | Date last seen | Copy number | Cost, replacement price | Koha item type |
|---|---|---|---|---|---|---|---|---|---|---|---|---|---|---|---|
| Dewey Decimal Classification | Not For Loan | D.B.Act.Division | D.B.Act.Division | 12/12/2008 | 260.00 | 657.42 अरोड़ा | HN-57775 | 12/12/2008 | 1 | 260.00 | Hindi Books |
